| 000 | 00681nab a2200253 a 4500 | ||
|---|---|---|---|
| 001 | 62199 | ||
| 003 | 134491 | ||
| 005 | 20201118105915.0 | ||
| 008 | ||||||n9999 ||| || || | ||
| 041 | _aspa | ||
| 100 | _aMadrid-Malo Garizábal, Mario, 1945- | ||
| 245 | 0 | _aDesaparicion forzada | |
| 260 |
_aBogotá : _bDefensoría del Pueblo, _c1993. |
||
| 300 | _app.9-12 | ||
| 562 | _e0 | ||
| 650 | _aANÁLISIS HISTÓRICO | ||
| 650 | _aDERECHO A LA VIDA | ||
| 650 | _aIMPUNIDAD | ||
| 650 | _aPERSONAS DESAPARECIDAS | ||
| 650 | _aVIOLACIÓN DE LOS DERECHOS HUMANOS | ||
| 650 | _aVIOLENCIA--ASPECTOS POLÍTICOS | ||
| 773 |
_060335 _aSu defensor - No.1 |
||
| 942 | _cSART | ||
| 999 |
_c62199 _d62199 |
||